[Event "Reykjavik Open 2026"]
[Site "Reykjavik"]
[Date "2026.03.30"]
[Round "8.98"]
[White "Van Meter, Lester"]
[Black "Digernes, Magnus"]
[Result "0-1"]
[WhiteElo "1882"]
[WhiteFideId "2001691"]
[BlackElo "2047"]
[BlackFideId "1514873"]
[Variant "Standard"]

1. c4 d6 2. Nc3 e5 3. Nf3 f5 4. d4 e4 5. Ng1 Nf6 6. Bg5 Be7 7. e3 Be6 8. Nh3 Nbd7 9. Nf4 Bf7 10. h4 c6 11. Be2 Qa5 12. Kf1 Qb4 13. Qb3 a5 14. Qc2 Bxc4 15. a3 Qb3 16. Qxb3 Bxb3 17. d5 Nc5 18. h5 Kf7 19. Bxf6 Bxf6 20. g4 g5 21. Ne6 Nxe6 22. dxe6+ Kxe6 23. Kg2 Bxc3 24. bxc3 f4 25. f3 fxe3 26. fxe4 Raf8 27. Bf3 Bc4 28. Rhe1 e2 29. Bxe2 Bxe2 30. Rxe2 Rf4 31. Kg3 Rhf8 32. Re3 Ke5 33. a4 R8f7 34. Rd1 Rxe4 35. Rxe4+ Kxe4 36. Rxd6 Rf3+ 37. Kg2 Rd3 38. Rf6 Rxc3 39. Rh6 Kf4 40. Rxh7 Kxg4 41. Rxb7 Kxh5 42. Ra7 Rc5 43. Kg3 Kg6 44. Ra8 Kf5 45. Kf3 Ke5 46. Ke3 g4 47. Rg8 Kf5 48. Ra8 g3 49. Kf3 Rc3+ 50. Kg2 Rc5 51. Kxg3 Ke4 52. Kf2 Kd3 53. Kf3 Kc3 54. Rb8 Rd5 55. Rb6 Rd6 56. Ke4 Kc4 57. Ke3 Kc5 58. Rb8 Rd4 59. Rc8 Rxa4 60. Kd3 Rh4 61. Kc2 Rh3 62. Rg8 a4 63. Rg5+ Kc4 64. Rg4+ Kb5 65. Rg5+ c5 66. Rg2 Rh6 67. Kc3 Rh3+ 68. Kc2 Kb4 69. Rg4+ c4 70. Rg2 a3 71. Rf2 Rh1 72. Rf8 Rh2+ 73. Kb1 Kb3 74. Rb8+ Kc3 75. Rg8 Rd2 76. Rg3+ Rd3 77. Rg8 Re3 78. Ka2 Kd4 79. Rc8 c3 80. Kxa3 Re1 81. Rb8 c2 82. Rd8+ Kc3 0-1

[Event "Reykjavik Open 2026"]
[Site "Reykjavik"]
[Date "2026.03.30"]
[Round "8.99"]
[White "Geistlich, Alex"]
[Black "Thorsteinsdottir, Hallgerdur"]
[Result "0-1"]
[WhiteElo "1879"]
[WhiteFideId "1373013"]
[BlackElo "2042"]
[BlackTitle "WFM"]
[BlackFideId "2302454"]
[Variant "Standard"]

1. d4 Nf6 2. Nf3 d5 3. e3 g6 4. Nbd2 Bg7 5. b3 c5 6. Bb2 O-O 7. Be2 Nc6 8. O-O b6 9. c4 cxd4 10. Nxd4 Nxd4 11. Bxd4 dxc4 12. Bf3 Rb8 13. Nxc4 Ba6 14. Ne5 Rc8 15. Nc6 Rxc6 16. Bxc6 Bxf1 17. Qxf1 Qd6 18. Bf3 e5 19. Bb2 e4 20. Bxf6 Qxf6 { White resigned. } 0-1

[Event "Reykjavik Open 2026"]
[Site "Reykjavik"]
[Date "2026.03.30"]
[Round "8.100"]
[White "Krischer, Markus"]
[Black "Blokzijl, Ruben"]
[Result "0-1"]
[WhiteElo "2042"]
[WhiteFideId "34616152"]
[BlackElo "1851"]
[BlackFideId "1091964"]
[Variant "Standard"]

1. e4 d6 2. d4 Nf6 3. Nc3 Nbd7 4. Nf3 e5 5. Bc4 Be7 6. O-O c6 7. Be3 Qc7 8. Bg5 h6 9. Bh4 O-O 10. Qe2 Re8 11. Bg3 b5 12. a3 Bb7 13. Rad1 a6 14. Rd2 Bf8 15. dxe5 dxe5 16. Rfd1 a5 17. Nh4 Nc5 18. Nf5 b4!! 19. Qf3 bxc3 20. Nxh6+ gxh6 21. Qxf6 Bg7 22. Qd6 Qxd6 23. Rxd6 0-1

[Event "Reykjavik Open 2026"]
[Site "Reykjavik"]
[Date "2026.03.30"]
[Round "8.101"]
[White "Singh, Ian Avery"]
[Black "Petry, Martin"]
[Result "1-0"]
[WhiteElo "1863"]
[WhiteFideId "39902676"]
[BlackElo "2042"]
[BlackFideId "1352318"]
[Variant "Standard"]

1. e4 g6 2. d4 Bg7 3. Nc3 d6 4. g3 c6 5. a4 a5 6. Bg2 Nd7 7. Nge2 Ngf6 8. O-O O-O 9. h3 e5 10. Be3 Qc7 11. g4 exd4 12. Nxd4 Ne5 13. b3 d5 14. f4 Nexg4 15. hxg4 Nxg4 16. Qd2 dxe4 17. Rad1 Qe7 18. Rfe1 Bf5 19. Bf2 Rad8 20. Nxe4 Bxe4 21. Rxe4 Qc7 22. Bh4 Rd7 23. Qe2 Nf6 24. Bxf6 Bxf6 25. Nf3 Qb6+ 26. Kh1 Rxd1+ 27. Qxd1 Qf2 28. Qe2 Qg3 29. Qe1 Qg4 30. Qxa5 Rd8 31. Qe1 Rd5 32. c4 Rd3 33. Nh2 Qh5 34. Qe2 Qxe2 35. Rxe2 Rxb3 36. Re8+ Kg7 37. Rb8 Rb1+ 38. Bf1 Bc3 39. Kg2 h5 40. Nf3 Rb2+ 41. Kg3 f6 42. Bh3 g5 43. Bc8 g4 44. Rxb7+ Rxb7 45. Bxb7 gxf3 46. Bxc6 Be1+ 47. Kxf3 Kf7 48. Ke4 Ke6 49. c5 Bf2 50. f5+ Ke7 51. Kd5 Be1 52. Kc4 Kd8 53. Kb5 Kc7 54. Bf3 Bg3 55. a5 Kb8 56. Kc6 Kc8 57. a6 Bb8 58. Kb6 Bc7+ 59. Kc6 Bb8 60. Bxh5 Ba7 61. Bf7 Kb8 62. Be6 Ka8 63. Kd6 Bb8+ 64. Kd7 1-0

[Event "Reykjavik Open 2026"]
[Site "Reykjavik"]
[Date "2026.03.30"]
[Round "8.102"]
[White "Meeuwissen, Morris"]
[Black "Snodgrass, Benjamin"]
[Result "1-0"]
[WhiteElo "1857"]
[WhiteFideId "40107418"]
[BlackElo "2040"]
[BlackFideId "30915422"]
[Variant "Standard"]

1. Nf3 d6 2. d4 Bg4 3. e4 Nd7 4. h3 Bh5 5. c4 e5 6. d5 Be7 7. g4 Bg6 8. Nc3 h5 9. g5 h4 10. Rg1 Nc5 11. Qc2 a5 12. Be3 b6 13. Nd2 Bh5 14. f3 f6 15. gxf6 Bxf6 16. O-O-O Nh6 17. Re1 Nf7 18. f4 exf4 19. Bxf4 1-0

[Event "Reykjavik Open 2026"]
[Site "Reykjavik"]
[Date "2026.03.30"]
[Round "8.103"]
[White "Gudnyjarson, Sigurdur Pall"]
[Black "Jagic, Jakov"]
[Result "1-0"]
[WhiteElo "1856"]
[WhiteFideId "2321637"]
[BlackElo "2038"]
[BlackFideId "2528398"]
[Variant "Standard"]

1. d4 d6 2. c4 e5 3. Nf3 e4 4. Ng5 f5 5. Nc3 Nf6 6. e3 c6 7. Nh3 d5 8. Qb3 Bd6 9. Bd2 Bc7 10. Rc1 a6 11. cxd5 cxd5 12. Qa4+ Nc6 13. Nb5 Bb8 14. Bb4 Kf7 15. Bc5 h6 16. Nc3 g5 17. b4 Bd7 18. b5 Ne7 19. Qb3 Be6 20. Be2 Qd7 21. Na4 Nc8 22. Ba3 Kg7 23. Rxc8 Rxc8 24. Nb6 Qd8 25. Nxa8 b6 26. bxa6 Ba7 27. Nxb6 Bxb6 28. O-O f4 29. exf4 g4 30. f5 Bxf5 31. Nf4 Bxd4 32. Rd1 Be5 33. Nxd5 Rb8 34. Nb4 Qb6 35. Qc2 Rc8 36. Qd2 g3 37. hxg3 Bxg3 38. Qd4 Qxd4 39. Rxd4 Be5 40. Rc4 Ra8 41. Rc5 Nd7 42. Rb5 Kf6 43. Rb7 Be6 44. Bb5 Nc5 45. Rb6 Re8 46. a7 Nd3 47. Nc6 Ra8 48. Nxe5 Kxe5 49. Bd6+ Kf5 50. Bb8 Ne5 51. g4+ Kf6 52. Ba6 Nd7 53. Rb7 Nc5 54. Rb6 Nxa6 55. Rxa6 Ke7 56. Kg2 Bxg4 57. Rxh6 Be6 58. a3 Bd5 59. Kg3 Ke8 60. Kf4 Kf7 61. Ke5 Bb7 62. Rh7+ { Black resigned. } 1-0

[Event "Reykjavik Open 2026"]
[Site "Reykjavik"]
[Date "2026.03.30"]
[Round "8.104"]
[White "Althoff, Ralph"]
[Black "Hisnay, Gregory"]
[Result "1-0"]
[WhiteElo "2035"]
[WhiteFideId "4623177"]
[BlackElo "1846"]
[BlackFideId "2093421"]
[Variant "Standard"]

1. d4 d5 2. Bf4 e6 3. e3 Bd6 4. Bg3 c5 5. c3 Nc6 6. Nd2 cxd4 7. exd4 Nf6 8. Ngf3 Bxg3 9. hxg3 Qd6 10. Qb3 Bd7 11. Bd3 b6 12. Kf1 Kf8 13. Re1 Be8 14. Ne5 Nd7 15. f4 Kg8 16. Ndf3 f6 17. Nxc6 Qxc6 18. f5 Bf7 19. fxe6 Bxe6 20. Qc2 Nf8 21. Nh4 Re8 22. Kf2 Kf7 23. Qe2 g6 24. Bb5 Qc8 25. Bxe8+ Qxe8 26. Qd3 Qd7 27. Re3 g5 28. Nf3 Bf5 29. Qe2 Ng6 30. Re1 h5 31. c4 Bg4 32. cxd5 h4 33. gxh4 gxh4 34. Qc4 Qd6 35. Ne5+ fxe5 36. dxe5 Qc5 37. Qxg4 1-0

[Event "Reykjavik Open 2026"]
[Site "Reykjavik"]
[Date "2026.03.30"]
[Round "8.105"]
[White "Acevedo Mendez, Lisseth"]
[Black "Stevens, Christian"]
[Result "1-0"]
[WhiteElo "1855"]
[WhiteFideId "6502938"]
[BlackElo "2034"]
[BlackFideId "649090"]
[Variant "Standard"]

1. d4 Nf6 2. Bf4 g6 3. Nf3 Bg7 4. Nbd2 d6 5. c3 O-O 6. e4 Nfd7 7. Bc4 Nc6 8. O-O e5 9. dxe5 Ndxe5 10. Nxe5 Nxe5 11. Be2 Be6 12. Be3 Qd7 13. Nf3 Qc6 14. Nxe5 dxe5 15. Qc2 f5 16. exf5 gxf5 17. Bg5 h6 18. Bh4 a5 19. a4 Qb6 20. Qd2 Rf7 21. Bh5 Rd7 22. Qe2 Bb3 23. Rfe1 Rf8 24. Qb5 Qxb5 25. axb5 b6 26. Bd1 Bc4 27. Be2 Bxe2 28. Rxe2 Rd5 29. Be7 Rf7 30. Ba3 Rfd7 31. c4 Rd1+ 32. Re1 R1d2 33. Kf1 Kf7 34. Re2 R2d4 35. Rc1 e4 36. g3 Bf6 37. c5 Rd1+ 38. Re1 R1d5 39. Rc4 h5 40. Rc3 Bd4 41. Rc2 h4 42. Ke2 hxg3 43. hxg3 Ke6 44. b3 Kf7 45. Rec1 Kg6 46. b4 bxc5 47. bxa5 c4 48. a6 Ba7 49. Rxc4 Rxb5 50. Rxc7 Rxc7 51. Rxc7 Ra5 52. Rxa7 Rxa3 53. Ra8 Kg7 54. a7 Kh7 55. Rf8 1-0

[Event "Reykjavik Open 2026"]
[Site "Reykjavik"]
[Date "2026.03.30"]
[Round "8.106"]
[White "Smith, Steve"]
[Black "Petursson, Gudni"]
[Result "0-1"]
[WhiteElo "1842"]
[WhiteFideId "1802119"]
[BlackElo "2027"]
[BlackFideId "2301725"]
[Variant "Standard"]

1. e4 e6 2. d4 d5 3. e5 c5 4. c3 Nc6 5. Nf3 Qb6 6. a3 Nh6 7. Bd3 Bd7 8. O-O cxd4 9. b4 dxc3 10. Nxc3 Be7 11. Bxh6 gxh6 12. Rc1 Qd8 13. Bb1 Rc8 14. Qd2 Bf8 15. Rfe1 a6 16. Ne2 Bg7 17. Ng3 Kf8 18. Nh5 Ne7 19. Nxg7 Kxg7 20. Qf4 Ng6 21. Qg4 f5 22. exf6+ Qxf6 23. h4 Qf4 24. Qxf4 Nxf4 25. Rxc8 Rxc8 26. Ne5 Be8 27. g3 Rc1 28. Kf1 Bb5+ 29. Bd3 Rxe1+ 0-1

[Event "Reykjavik Open 2026"]
[Site "Reykjavik"]
[Date "2026.03.30"]
[Round "8.107"]
[White "Maton, Emily"]
[Black "Carr, Jay"]
[Result "1-0"]
[WhiteElo "2016"]
[WhiteFideId "343120293"]
[BlackElo "1805"]
[BlackFideId "30922690"]
[Variant "Standard"]

1. d4 Nf6 2. Nf3 e6 3. c4 b6 4. g3 Bb7 5. Bg2 Be7 6. O-O O-O 7. Nc3 Ne4 8. Qd3 Nxc3 9. bxc3 f5 10. d5 Na6 11. Nd4 Nc5 12. Qc2 Qc8 13. Ba3 g6 14. f4 Bf6 15. Bxc5 bxc5 16. Nb3 a6 17. Rad1 e5 18. e4 exf4 19. Rxf4 Bg5 20. Rf3 1-0

[Event "Reykjavik Open 2026"]
[Site "Reykjavik"]
[Date "2026.03.30"]
[Round "8.108"]
[White "Wang, Shanshan"]
[Black "Magzumov, Damirali"]
[Result "0-1"]
[WhiteElo "2011"]
[WhiteFideId "8605262"]
[BlackElo "1782"]
[BlackFideId "13727117"]
[Variant "Standard"]

1. e4 c5 2. Nf3 d6 3. d4 cxd4 4. Nxd4 Nf6 5. Nc3 g6 6. Be3 Bg7 7. f3 Nc6 8. Bc4 O-O 9. Qd2 Bd7 10. O-O-O Rb8 11. g4 b5 12. Nxc6 Bxc6 13. Bb3 a5 14. Nd5 Bxd5 15. Bxd5 Qc7 16. a3 b4 17. axb4 Nxd5 18. Qxd5 Rxb4 19. b3 Rc8 20. Qd3 a4 21. Kd2 Qa5 22. Ke2 Rc3 23. Qd2 axb3 24. Ra1 Rxe3+ 25. Qxe3 Bxa1 0-1

[Event "Reykjavik Open 2026"]
[Site "Reykjavik"]
[Date "2026.03.30"]
[Round "8.109"]
[White "Striskova, Lucia"]
[Black "Von Kistowski, Fynn"]
[Result "1-0"]
[WhiteElo "2010"]
[WhiteFideId "14960958"]
[BlackElo "1727"]
[BlackFideId "1353888"]
[Variant "Standard"]

1. c4 Nf6 2. g3 g6 3. b3 Bg7 4. Bb2 O-O 5. Bg2 c6 6. e3 d5 7. d4 e5 8. dxe5 Ng4 9. cxd5 Nxe5 10. Nc3 cxd5 11. Nge2 Nbc6 12. O-O Bf5 13. Ba3 Re8 14. Qxd5 Qb6 15. e4 Red8 16. Qb5 Bg4 17. Qxb6 axb6 18. f3 Rxa3 19. fxg4 Nxg4 20. Rad1 Raa8 21. Rxd8+ Rxd8 22. Rd1 Nd4 23. Nf4 Ne3 24. Rd3 Nxg2 25. Kxg2 Nc6 26. Rxd8+ Nxd8 27. Nb5 Nc6 28. Nd5 Nd4 29. Nd6 Ne2 30. Nxb7 Nc1 31. Nxb6 Nxa2 32. Nd5 Bf8 33. Nd8 Nb4 34. Nxb4 Bxb4 35. Nc6 Bc5 36. b4 Bb6 37. Ne5 f5 38. exf5 gxf5 39. Nd7 Bd4 40. b5 1-0

[Event "Reykjavik Open 2026"]
[Site "Reykjavik"]
[Date "2026.03.30"]
[Round "8.110"]
[White "Westcott, Dale"]
[Black "Akeborg, Jonatan"]
[Result "1/2-1/2"]
[WhiteElo "1822"]
[WhiteFideId "1806017"]
[BlackElo "2000"]
[BlackFideId "1773089"]
[Variant "Standard"]

1. Nf3 d5 2. g3 g6 3. Bg2 Bg7 4. c4 dxc4 5. Na3 Nf6 6. Nxc4 O-O 7. O-O c6 8. b3 Nbd7 9. Bb2 Nb6 10. d3 h6 11. Qc2 Be6 12. Rad1 Qc8 13. Ba3 Re8 14. Bc5 Nxc4 15. dxc4 Bf5 16. Qc1 Ne4 17. Bd4 e5 18. Be3 h5 19. Nh4 Nf6 20. Nxf5 Qxf5 21. Bg5 Rad8 22. h4 Rxd1 23. Rxd1 e4 24. Qf4 Qxf4 1/2-1/2

[Event "Reykjavik Open 2026"]
[Site "Reykjavik"]
[Date "2026.03.30"]
[Round "8.111"]
[White "Mccallum, Elliot"]
[Black "Mehta, Hursh"]
[Result "½-½"]
[WhiteElo "1812"]
[WhiteFideId "2645718"]
[BlackElo "2000"]
[BlackFideId "30961157"]
[Variant "Standard"]

1. e4 c5 2. Nf3 g6 3. Bc4 Bg7 4. c3 e6 5. Bb3 d5 6. exd5 exd5 7. d4 Qe7+ 8. Be3 c4 9. Bc2 a6 10. O-O Nf6 11. a4 Ra7 12. Re1 O-O 13. a5 Qc7 14. b3 cxb3 15. Bxb3 Nc6 16. c4 dxc4 17. Bxc4 Nxa5 18. Ba2 Nc4 19. Qc1 b5 20. Bf4 Qc6 21. Nbd2 Be6 22. Nxc4 bxc4 23. Ne5 Qa8 24. Nxc4 Rc8 25. Rxe6 fxe6 26. Qe1 Nd5 27. Qxe6+ Kh8 28. Nd6 Nxf4 29. Qxc8+ Qxc8 30. Nxc8 Rc7 31. Nd6 Bxd4 32. Rf1 Nd3 33. Ne4 Re7 34. Bb1 Nb4 35. Rd1 Be5 36. g3 a5 37. Rd8+ Kg7 38. Ra8 Bc7 39. Kg2 Bb6 40. Rb8 Bd4 41. Rd8 Ba7 42. Nc3 Rc7 43. Ra8 Rf7 44. f4 Rd7 45. Kh3 Bg1 46. Rxa5 Rd2 47. Kg4 Bd4 48. Nd5 Nc6 49. Rb5 Rxh2 50. Rb7+ Kg8 51. Rc7 Na5 52. Ne7+ Kf8 53. Nc6 Nxc6 54. Rxc6 Rb2 55. Bd3 Rb3 56. Bc4 Rc3 57. Rc8+ Kg7 58. Be6 Ra3 59. Rc7+ Kf6 60. Bd5 h5+ 61. Kh4 Kf5 62. Kh3 g5 63. Rf7+ Bf6 64. fxg5 Kxg5 65. Rf8 h4 66. Rg8+ Kf5 67. Kg2 Rd3 68. Bb7 Rd2+ 69. Kh3 Rd3 70. Kg2 Rd2+ 71. Kh3 ½-½

[Event "Reykjavik Open 2026"]
[Site "Reykjavik"]
[Date "2026.03.30"]
[Round "8.112"]
[White "Briem, Gudrun Fanney"]
[Black "O Hanlon, Joe"]
[Result "1-0"]
[WhiteElo "1993"]
[WhiteFideId "2317486"]
[BlackElo "1725"]
[BlackFideId "2512157"]
[Variant "Standard"]

1. e4 e6 2. d4 d5 3. exd5 exd5 4. Nf3 Bd6 5. Bd3 Ne7 6. O-O Bg4 7. Re1 Nc6 8. Be3 Qd7 9. c3 f6 10. Nbd2 O-O-O 11. b4 Kb8 12. Nb3 Ng6 13. a4 Nf4 14. Bb5 a6 15. Nc5 Qc8 16. Bxc6 bxc6 17. Bxf4 Bxf4 18. b5 cxb5 19. axb5 axb5 20. Ra5 1-0

[Event "Reykjavik Open 2026"]
[Site "Reykjavik"]
[Date "2026.03.30"]
[Round "8.113"]
[White "Geirsson, Kristjan"]
[Black "Resika, Nathan"]
[Result "1-0"]
[WhiteElo "1805"]
[WhiteFideId "2313596"]
[BlackElo "1990"]
[BlackFideId "2008343"]
[Variant "Standard"]

1. e4 c5 2. Nf3 Nc6 3. d4 cxd4 4. Nxd4 e5 5. Nb5 d6 6. N1c3 a6 7. Na3 Be7 8. Bc4 Nf6 9. Bg5 O-O 10. Bxf6 Bxf6 11. Nd5 Bg5 12. O-O Be6 13. c3 Rc8 14. Bb3 Na5 15. Qd3 Nxb3 16. axb3 f5 17. f3 Rf7 18. b4 f4 19. Nc4 Kh8 20. Rfd1 b5 21. Nd2 Rc6 22. Kh1 Qc8 23. Nb3 Bd8 24. Na5 Bxa5 25. Rxa5 g5 26. Qf1 g4 27. Qf2 Qd8 28. Rda1 Bc8 29. fxg4 Qg5 30. h3 Qg6 31. Qf3 Bb7 32. b3 Rc8 33. Rd1 Rfc7 34. Nxc7 Bxe4 35. Qf2 Rxc7 36. Rxa6 Rd7 37. Rd2 Bb7 38. Rb6 Qe6 39. Rxb5 Qxb3 40. Rxe5 Qb1+ 41. Kh2 dxe5 42. Rxd7 Qe4 43. Qf3 Qxf3 44. gxf3 Bxf3 45. Kg1 Kg8 46. Kf2 Bh1 47. b5 e4 48. b6 e3+ 49. Ke2 f3+ 1-0

[Event "Reykjavik Open 2026"]
[Site "Reykjavik"]
[Date "2026.03.30"]
[Round "8.114"]
[White "Paricharak, Nakul"]
[Black "Hanisch, Sebastian"]
[Result "0-1"]
[WhiteElo "1797"]
[WhiteFideId "7500173"]
[BlackElo "1984"]
[BlackFideId "24668150"]
[Variant "Standard"]

1. d4 Nf6 2. c4 e6 3. Nf3 d5 4. g3 Bb4+ 5. Bd2 Be7 6. Bg5 O-O 7. Bg2 c6 8. Qc2 Nbd7 9. O-O b6 10. cxd5 cxd5 11. Nc3 Bb7 12. Rac1 Rc8 13. Qb3 h6 14. Bf4 Nh5 15. Be3 f5 16. Nb5 a6 17. Rxc8 Bxc8 18. Nc3 b5 19. Ne1 Nb6 20. a4 b4 21. Nb1 a5 22. Qa2 Nc4 23. Bc1 Qb6 24. b3 Nd6 25. Be3 Ba6 26. Nf3 f4 27. gxf4 Nxf4 28. Re1 Nxg2 29. Kxg2 Ne4 30. Ne5 Rc8 31. f3 Bh4 32. Rd1 Nd6 33. Nd7 Qa7 34. Nc5 Nf5 35. Bg1 Rc6 36. Nxa6 Qxa6 37. Qd2 Qc8 38. Qd3 Bg5 39. e3 Qe8 40. Bf2 Qg6 41. Kh1 Qh5 42. Kg2 Bd8 43. e4 Nh4+ 44. Bxh4 Bxh4 45. Rd2 Qg5+ 46. Kh3 Qh5 47. Kg2 Bg5 48. Rc2 dxe4 49. Qxe4 Rxc2+ 50. Qxc2 Bf4 51. h3 Qg5+ 52. Kh1 Qg3 53. Qc8+ Kh7 54. Qc2+ g6 55. Qg2 Qe1+ 56. Qg1 Qe2 57. Qg2 Qd1+ 58. Qg1 Qxf3+ 59. Qg2 Qd1+ 60. Qg1 Qxb3 61. Qf1 Qg3 62. Qg2 Qe1+ 63. Qg1 Qxg1+ 64. Kxg1 g5 65. Kf2 Kg6 66. Kf3 Kf5 0-1

[Event "Reykjavik Open 2026"]
[Site "Reykjavik"]
[Date "2026.03.30"]
[Round "8.115"]
[White "Jarabek, Milan"]
[Black "Jiang, Brian"]
[Result "1/2-1/2"]
[WhiteElo "1804"]
[WhiteFideId "14928264"]
[BlackElo "1983"]
[BlackFideId "2627922"]
[Variant "Standard"]

1. e4 c5 2. Nc3 Nc6 3. f4 g6 4. Nf3 Bg7 5. g3 d6 6. Bg2 e6 7. d3 Nge7 8. Be3 Nd4 9. O-O Rb8 10. Rb1 O-O 11. Ne2 e5 12. c3 Nxe2+ 13. Qxe2 Qc7 14. Nh4 f6 15. f5 g5 16. Nf3 d5 17. Nd2 d4 18. cxd4 exd4 19. Bf2 Nc6 20. g4 Qe7 21. Bg3 Ne5 22. Nf3 Bd7 23. Nxe5 fxe5 24. Rfc1 Rfc8 25. Bf1 Be8 26. Qd2 b5 27. b3 Bf7 28. Rb2 Rc6 29. Rbc2 Rbc8 30. Kg2 Bf6 31. Kf3 Kg7 32. h3 h6 33. Be2 Qc7 34. Be1 Qb7 35. Qa5 h5 36. Kg3 c4 37. bxc4 bxc4 38. dxc4 Ra6 39. Qd2 Ra3+ 40. Kh2 Qxe4 41. Bd1 hxg4 42. Bxg4 Rh8 43. Qg2 Qf4+ 44. Kg1 e4 45. Rd1 d3 46. Bg3 dxc2 47. Bxf4 cxd1=Q+ 48. Bxd1 Raxh3 49. Bc7 Rh1+ 50. Qxh1 Bd4+ 51. Kg2 Rxh1 52. Kxh1 Bxc4 53. Kg2 Bxa2 54. Bd8 Bf6 55. Ba5 Bb1 56. Kg3 Bd3 57. Bd2 Kf7 58. Kg4 Bd4 59. Bxg5 e3 60. Kf3 Bxf5 61. Bxe3 Bb6 62. Be2 Ke6 63. Ba6 Ke5 64. Bf4+ Kd4 65. Bb8 Bd3 66. Bxa7 Bxa7 67. Bxd3 Kxd3 1/2-1/2

[Event "Reykjavik Open 2026"]
[Site "Reykjavik"]
[Date "2026.03.30"]
[Round "8.116"]
[White "Van Zeebroeck, Sam"]
[Black "Song, Jeffrey"]
[Result "0-1"]
[WhiteElo "1978"]
[WhiteFideId "231924"]
[BlackElo "1653"]
[BlackFideId "30976987"]
[Variant "Standard"]

1. e4 c5 2. c3 Nf6 3. e5 Nd5 4. d4 cxd4 5. cxd4 Nc6 6. Nc3 e6 7. Bc4 Nb6 8. Bb3 d6 9. Bf4 a6 10. Nf3 d5 11. O-O Bd7 12. Rc1 Be7 13. Ne1 O-O 14. Qg4 Nxd4 15. Nf3 f5 16. exf6 Nxf3+ 17. Qxf3 Rxf6 18. Qe3 Rxf4 19. Qxf4 Bg5 20. Qd6 Bxc1 21. Rxc1 Rc8 22. Re1 Qc7 23. Qe7 Qc5 24. Qh4 Rf8 25. Bc2 g6 26. Qg3 Qd4 27. Rf1 Nc4 28. b3 Nd2 29. Rd1 Nf3+ 30. gxf3 Qxc3 31. Bd3 Qf6 32. Be2 Bc6 33. Qg4 e5 34. Rc1 Qf5 35. Qh4 Qf4 36. Qxf4 Rxf4 37. Bxa6 Rxf3 38. Kg2 Rf6 39. Be2 e4 40. Rd1 Kf7 41. Kg3 Ke6 42. Rd2 Ke5 43. h4 d4 44. Bg4 h5 45. Bd1 d3 46. Rb2 Kd4 47. Rb1 Kc3 48. a4 Bd7 49. a5 Bg4 50. Bxg4 hxg4 51. b4 Kc2 52. Ra1 d2 53. Ra2+ Kc1 54. Ra1+ Kb2 55. Rd1 Kc2 56. b5 Kxd1 57. b6 Ke1 0-1

[Event "Reykjavik Open 2026"]
[Site "Reykjavik"]
[Date "2026.03.30"]
[Round "8.117"]
[White "Haraldsson, Haraldur"]
[Black "Zhu, Aiden"]
[Result "1-0"]
[WhiteElo "1971"]
[WhiteFideId "2311100"]
[BlackElo "1651"]
[BlackFideId "2654288"]
[Variant "Standard"]

1. e4 d5 2. exd5 Nf6 3. d4 Qxd5 4. Nf3 Bg4 5. Be2 e6 6. O-O Nc6 7. h3 Bh5 8. c3 h6 9. Nbd2 O-O-O 10. b4 g5 11. b5 Nb8 12. Ne5 Bxe2 13. Qxe2 Rh7 14. Bb2 b6 15. a4 Bd6 16. c4 Qb7 17. a5 Bxe5 18. Qxe5 Nbd7 19. Qe3 Nf8 20. axb6 cxb6 21. Rfc1 Rd7 22. Nf3 Qe4 23. Qa3 Ng6 24. d5 Ne8 25. Re1 Qf4 26. dxe6 fxe6 27. Rxe6 Qf7 28. Rc6+ Rc7 29. Qxa7 Qf4 30. Qa8+ Kd7 31. Rd1+ Nd6 32. Rxc7+ Kxc7 33. Qc6+ Kb8 34. Rxd6 Qf7 1-0

[Event "Reykjavik Open 2026"]
[Site "Reykjavik"]
[Date "2026.03.30"]
[Round "8.118"]
[White "Muhr, Andreas"]
[Black "Ragnarsson, Johann"]
[Result "1/2-1/2"]
[WhiteElo "1740"]
[WhiteFideId "1619683"]
[BlackElo "1967"]
[BlackFideId "2301040"]
[Variant "Standard"]

1. Nc3 d5 2. e4 c6 3. exd5 cxd5 4. d4 Nc6 5. Nf3 Bg4 6. Be2 e6 7. O-O Bd6 8. h3 Bh5 9. Be3 Nge7 10. Qd2 f6 11. Rfc1 Bf7 12. Nd1 g5 13. Bxg5 fxg5 14. Nxg5 Ng6 15. Nxf7 Kxf7 16. Bg4 Qf6 17. c3 Qf4 18. Qxf4+ Nxf4 19. Ne3 Rag8 20. Bf3 Nxh3+ 21. Kf1 Ng5 22. Bh5+ Ke7 23. b4 Bf4 24. Re1 Bxe3 25. Rxe3 Rf8 26. Rae1 Ne4 27. Kg1 Nd8 28. Bf3 Nf6 29. Re5 Kd6 30. c4 dxc4 31. b5 Nd5 32. Rc1 c3 33. Bxd5 exd5 34. Rxc3 Rf4 35. Rh5 Rxd4 36. Rc8 Rc4 37. Rh6+ Kd7 38. Ra8 Rc1+ 39. Kh2 d4 40. Rh4 Rd1 41. Rxa7 Kc7 42. Ra8 Kb6 43. a4 d3 44. Rh6+ Kc7 45. b6+ Kd7 46. Rh4 h5 47. Rd4+ Ke7 48. a5 Ne6 49. Rxd3 Rxd3 50. Rxh8 Nc5 51. Rxh5 Kd6 52. Rh6+ Kd5 53. Rh7 Kd6 54. Rh6+ Kd5 55. Rh7 Kc6 56. Rh8 Nb3 57. Ra8 Kb5 58. a6 Kxb6 59. axb7 Kxb7 60. Ra3 Kc7 61. g4 Kd6 62. Ra8 Ke7 63. Ra3 Kf6 64. Kg2 Kg5 65. f3 Kh4 66. Kf2 Rc3 67. Ra8 Nd4 68. Rh8+ Kg5 69. Rg8+ Kf6 70. Rf8+ Kg6 71. Rf4 Ne6 72. Re4 Ng5 73. Re3 Nh3+ 74. Ke2 Nf4+ 75. Kf2 Nh3+ 76. Ke2 Nf4+ 77. Kf2 1/2-1/2

[Event "Reykjavik Open 2026"]
[Site "Reykjavik"]
[Date "2026.03.30"]
[Round "8.119"]
[White "Sveinsson, Gudmundur Peng"]
[Black "Gilbert, Michael A"]
[Result "1-0"]
[WhiteElo "1664"]
[WhiteFideId "2314550"]
[BlackElo "1960"]
[BlackFideId "2068036"]
[Variant "Standard"]

1. d4 c5 2. d5 d6 3. e4 Nf6 4. Nc3 g6 5. f4 Bg7 6. Bb5+ Nfd7 7. a4 Na6 8. Nf3 Nc7 9. Bd3 O-O 10. O-O f5 11. exf5 gxf5 12. Nh4 e6 13. dxe6 Qxh4 14. exd7 Bd4+ 15. Kh1 Bxd7 16. Ne2 Bf2 17. Bc4+ Kh8 18. Qxd6 Rf6 19. Qe5 Re8 20. Qc3 Bc6 21. Rxf2 1-0

[Event "Reykjavik Open 2026"]
[Site "Reykjavik"]
[Date "2026.03.30"]
[Round "8.120"]
[White "Butterworth, Paul"]
[Black "Hallmundarson, Birkir"]
[Result "0-1"]
[WhiteElo "1719"]
[WhiteFideId "343419917"]
[BlackElo "1949"]
[BlackFideId "2319446"]
[Variant "Standard"]

1. d4 Nf6 2. Nf3 e6 3. c4 d5 4. g3 dxc4 5. Bg2 Bb4+ 6. Bd2 a5 7. Qc2 Nc6 8. Qxc4 Qd5 9. Qd3 Qe4 10. Qxe4 Nxe4 11. e3 Nxd2 12. Nbxd2 Bd7 13. a3 Be7 14. O-O f6 15. Rac1 Kf7 16. e4 Rac8 17. Rfd1 Rhd8 18. d5 Na7 19. Nc4 b6 20. d6 Bxd6 21. Rxd6 cxd6 22. Nxd6+ Ke7 23. Nxc8+ Rxc8 24. Rxc8 Bxc8 25. e5 Nc6 26. exf6+ gxf6 27. Ng5 Ne5 28. Ne4 Nc4 29. f4 Nxb2 30. Bf1 Nd1 31. Bd3 Bb7 32. Nd2 Nc3 33. Bxh7 f5 34. g4 fxg4 35. Nc4 Nd5 36. Be4 Ba8 37. Kf2 Nc7 38. Bxa8 Nxa8 39. Kg3 a4 40. Kxg4 b5 41. Nb2 Nb6 42. Kf3 b4 43. Nxa4 Nxa4 44. axb4 Kf6 45. Kg4 Nc3 46. h4 Nb5 47. h5 Nd4 48. Kh4 Kf5 49. Kh3 Ne2 50. h6 Kg6 51. Kg4 Kxh6 52. f5 e5 53. f6 Nd4 54. b5 Kg6 55. f7 Kxf7 56. b6 Ke6 0-1